[Event "Junior Online 4NCL Division 4"]
[Site "online"]
[Date "2021.02.18"]
[EventDate "2021.02.18"]
[Round "3.76"]
[White "Gamage, Amias"]
[WhiteElo "1300"]
[WhiteTeam "JHJ Shark Tank 7"]
[Black "Yerabati, Samiksha"]
[BlackElo "1201"]
[BlackTeam "Leeds Juniors 2"]
[Result "0-1"]
[PlyCount "66"]

1. e4 e5 2. f4 exf4 3. Nf3 Nc6 4. Nc3 Nf6 5. d4 d5 6. e5 Ng4 7. Bd3 Bb4 8. O-O g5 9. Ne1 Nxd4 10. Bb5+ Nxb5 11. Nxb5 Bc5+ 12. Nd4 Be6 13. Kh1 Qe7 14. Nxe6 fxe6 15. Qxg4 h5 16. Qf3 O-O-O 17. Bd2 Rdf8 18. Nd3 Bb6 19. Bb4 c5 20. Ba3 Qg7 21. Nxc5 g4 22. Qd3 Bxc5 23. Bxc5 Rfg8 24. Qc3 Kb8 25. Qa5 b6 26. Qb5 f3 27. Bd6+ Kb7 28. g3 h4 29. gxh4 Rxh4 30. Rg1 g3 31. Rxg3 Qxg3 32. Qd7+ Ka6 33. Qf7 Qg2# 0-1

[Event "Junior Online 4NCL Division 4"]
[Site "online"]
[Date "2021.02.18"]
[EventDate "2021.02.18"]
[Round "3.77"]
[White "Agrawal, Sahil"]
[WhiteElo "1232"]
[WhiteTeam "Leeds Juniors 2"]
[Black "Nilim, Armaan"]
[BlackElo "1298"]
[BlackTeam "JHJ Shark Tank 7"]
[Result "1-0"]
[PlyCount "59"]

1. e4 e5 2. Nf3 Nf6 3. Nxe5 Nc6 4. Nxc6 dxc6 5. d3 Bc5 6. h3 Bxf2+ 7. Kxf2 Nxe4+ 8. Kf3 Qf6+ 9. Kxe4 O-O 10. Ke3 Re8+ 11. Kd2 Qf2+ 12. Kc3 Qc5+ 13. Kd2 Qf2+ 14. Be2 Qf4+ 15. Ke1 Qg3+ 16. Kf1 Be6 17. Qe1 Qg6 18. Nc3 Qf5+ 19. Qf2 Qg6 20. Be3 Bd5 21. Nxd5 cxd5 22. Kg1 Re5 23. Kh2 Rf5 24. Qg3 Qe6 25. Bg4 Qe4 26. dxe4 Rf1 27. Rhxf1 Rc8 28. Bxc8 a6 29. Qxc7 d4 30. Qd8# 1-0

[Event "Junior Online 4NCL Division 4"]
[Site "online"]
[Date "2021.02.18"]
[EventDate "2021.02.18"]
[Round "3.78"]
[White "Xu, Tianyou"]
[WhiteElo "1280"]
[WhiteTeam "JHJ Shark Tank 7"]
[Black "Sasikumar, Srivathsan"]
[BlackElo "1104"]
[BlackTeam "Leeds Juniors 2"]
[Result "1-0"]
[PlyCount "109"]

1. e4 c6 2. d4 d5 3. exd5 cxd5 4. Bb5+ Bd7 5. Bxd7+ Nxd7 6. Nc3 Ngf6 7. Nf3 e6 8. O-O Bd6 9. Be3 O-O 10. Qe2 Re8 11. Nb5 Be7 12. c4 a6 13. Nc3 Bd6 14. c5 Bc7 15. Bg5 a5 16. Nb5 b6 17. c6 Nb8 18. Nxc7 Qxc7 19. Bxf6 gxf6 20. Nh4 f5 21. Qh5 Kf8 22. Nf3 Nxc6 23. Qg5 Red8 24. Rac1 Qd7 25. Rc3 Qe7 26. Qxe7+ Nxe7 27. Ne5 Rdc8 28. Rfc1 Rxc3 29. Rxc3 Rc8 30. f3 Rxc3 31. bxc3 Ng6 32. Nd7+ Ke7 33. Nxb6 Nf4 34. Kf2 Nd3+ 35. Ke3 Nc1 36. a3 Na2 37. Na4 Nc1 38. Kd2 Nb3+ 39. Kc2 Na1+ 40. Kb2 Nc2 41. Kxc2 e5 42. dxe5 Ke6 43. f4 f6 44. exf6 Kxf6 45. Kd3 Ke6 46. Kd4 h5 47. h4 Kd6 48. Nb2 Kc6 49. a4 Kd6 50. Nd3 Kc6 51. Ne5+ Kd6 52. Nf7+ Ke6 53. Nd8+ Kd6 54. Nb7+ Kc6 55. Nxa5+ 1-0

[Event "Junior Online 4NCL Division 4"]
[Site "online"]
[Date "2021.02.18"]
[EventDate "2021.02.18"]
[Round "3.81"]
[White "Rowland, Benjamin"]
[WhiteElo "1227"]
[WhiteTeam "Barnet Knights D"]
[Black "Jhamna, Alexander"]
[BlackElo "1285"]
[BlackTeam "The Hall 2"]
[Result "1-0"]
[PlyCount "47"]

1. e4 e5 2. Bc4 Nf6 3. d3 Bc5 4. Nf3 Nc6 5. Bg5 h6 6. Bh4 g5 7. Bg3 d6 8. Nbd2 Bg4 9. h3 Bh5 10. O-O Nd4 11. c3 Nxf3+ 12. Nxf3 d5 13. exd5 Nxd5 14. Bxe5 g4 15. Bxh8 gxf3 16. Re1+ Kf8 17. g4 Qh4 18. Qxf3 Bg6 19. Bxd5 Rd8 20. d4 Bd6 21. Bf6 Bh2+ 22. Kxh2 Qxf6 23. Qxf6 Rxd5 24. Qh8# 1-0

[Event "Junior Online 4NCL Division 4"]
[Site "online"]
[Date "2021.02.18"]
[EventDate "2021.02.18"]
[Round "3.82"]
[White "Ozdenoren, Deniz"]
[WhiteElo "1262"]
[WhiteTeam "The Hall 2"]
[Black "Scott, Jane"]
[BlackElo "1300"]
[BlackTeam "Barnet Knights D"]
[Result "0-1"]
[PlyCount "49"]

1. e4 e5 2. Nf3 Nc6 3. Bc4 Nf6 4. d3 Be7 5. Nc3 O-O 6. Be3 d6 7. O-O Kh8 8. h3 Ng8 9. Qe2 f5 10. exf5 Bxf5 11. Bd2 Rf6 12. Nd5 Rg6 13. Qe3 Bxh3 14. g3 Bxf1 15. Kxf1 Nh6 16. Qe4 Nf7 17. Nxe7 Qxe7 18. Nh4 Rf6 19. d4 exd4 20. Qxe7 Nxe7 21. c3 dxc3 22. Bxc3 Rh6 23. Bxf7 Rf8 24. Nf5 Nxf5 25. g4 0-1

[Event "Junior Online 4NCL Division 4"]
[Site "online"]
[Date "2021.02.18"]
[EventDate "2021.02.18"]
[Round "3.83"]
[White "Ethelontis, Elena"]
[WhiteElo "1231"]
[WhiteTeam "Barnet Knights D"]
[Black "O'Sullivan, Conor"]
[BlackElo "1115"]
[BlackTeam "The Hall 2"]
[Result "1-0"]
[PlyCount "65"]

1. d4 d5 2. c4 c6 3. Nc3 dxc4 4. Nf3 Bg4 5. e3 e6 6. Bxc4 c5 7. h3 Bh5 8. Be2 Bxf3 9. Bxf3 Nf6 10. O-O cxd4 11. exd4 Bd6 12. Re1 O-O 13. Be3 Nc6 14. a3 Rb8 15. b4 a6 16. Rb1 b5 17. Bxc6 Qc7 18. Nxb5 Qxc6 19. Nxd6 Qxd6 20. Qd3 e5 21. Red1 exd4 22. Qxd4 Qxd4 23. Bxd4 Rbc8 24. Bc5 Rfe8 25. Be3 Rc3 26. a4 Ra3 27. b5 axb5 28. axb5 Rb8 29. b6 Ra5 30. b7 Re5 31. Bf4 Ree8 32. Bxb8 Rxb8 33. Rdc1 1-0

[Event "Junior Online 4NCL Division 4"]
[Site "online"]
[Date "2021.02.18"]
[EventDate "2021.02.18"]
[Round "3.84"]
[White "Sethia, Aditey"]
[WhiteElo "1100"]
[WhiteTeam "The Hall 2"]
[Black "Malus, Sean"]
[BlackElo "1228"]
[BlackTeam "Barnet Knights D"]
[Result "1-0"]
[PlyCount "65"]

1. d4 d5 2. c4 e6 3. Nf3 Nc6 4. Nc3 dxc4 5. e4 Bb4 6. Bxc4 Nf6 7. e5 Ne4 8. Bd2 Qh4 9. Nxh4 Rb8 10. Nxe4 Bxd2+ 11. Nxd2 h5 12. Qf3 Nxd4 13. Qd3 Nc2+ 14. Qxc2 b5 15. Bxb5+ Rxb5 16. Qc6+ Bd7 17. Qa8+ Bc8 18. Qxc8+ Ke7 19. Qxh8 Rxe5+ 20. Kf1 Rd5 21. Qxg7 Rxd2 22. Qg5+ Kf8 23. Qxd2 f5 24. Qd8+ Kf7 25. Qxc7+ Kf8 26. Ng6+ Kg8 27. Qd8+ Kf7 28. Qe7+ Kxg6 29. Qxe6+ Kg5 30. h4+ Kg4 31. f3+ Kg3 32. Qe5+ f4 33. Qg5# 1-0

[Event "Junior Online 4NCL Division 4"]
[Site "online"]
[Date "2021.02.18"]
[EventDate "2021.02.18"]
[Round "3.85"]
[White "Jhamna, Alexander"]
[WhiteElo "1285"]
[WhiteTeam "The Hall 2"]
[Black "Rowland, Benjamin"]
[BlackElo "1227"]
[BlackTeam "Barnet Knights D"]
[Result "0-1"]
[PlyCount "58"]

1. e4 d6 2. Nf3 Nf6 3. Nc3 Nc6 4. Bb5 Bd7 5. d3 g6 6. Bxc6 Bxc6 7. Bg5 Bg7 8. Bxf6 Bxf6 9. O-O e5 10. Nd5 Bg7 11. h3 O-O 12. Qd2 f5 13. Qg5 fxe4 14. Qxd8 Raxd8 15. dxe4 Rd7 16. Ng5 Re8 17. Rfe1 h6 18. Nf3 Bxd5 19. exd5 e4 20. Nh4 g5 21. Nf5 Bxb2 22. Rab1 Bc3 23. Rxb7 Bxe1 24. Rxa7 Kh7 25. Ra3 Rf8 26. Ne3 Bxf2+ 27. Kh1 Bg3 28. c4 Rb8 29. Nf5 Rb1# 0-1

[Event "Junior Online 4NCL Division 4"]
[Site "online"]
[Date "2021.02.18"]
[EventDate "2021.02.18"]
[Round "3.86"]
[White "Scott, Jane"]
[WhiteElo "1300"]
[WhiteTeam "Barnet Knights D"]
[Black "Ozdenoren, Deniz"]
[BlackElo "1262"]
[BlackTeam "The Hall 2"]
[Result "1-0"]
[PlyCount "22"]

1. e4 e5 2. Nf3 Nc6 3. d4 exd4 4. Bc4 Bc5 5. c3 Qf6 6. Bg5 Qg6 7. Qc2 h6 8. Bf4 Qf6 9. Bg3 h5 10. e5 Qe6 11. Bxe6 fxe6 1-0

[Event "Junior Online 4NCL Division 4"]
[Site "online"]
[Date "2021.02.18"]
[EventDate "2021.02.18"]
[Round "3.87"]
[White "O'Sullivan, Conor"]
[WhiteElo "1115"]
[WhiteTeam "The Hall 2"]
[Black "Ethelontis, Elena"]
[BlackElo "1231"]
[BlackTeam "Barnet Knights D"]
[Result "1-0"]
[PlyCount "141"]

1. e4 e5 2. Nf3 d6 3. Nc3 Nc6 4. Bb5 Bd7 5. Bxc6 Bxc6 6. d3 Nf6 7. Bg5 h6 8. Bh4 g5 9. Bg3 Qd7 10. Qd2 O-O-O 11. O-O-O Nh7 12. d4 b6 13. dxe5 dxe5 14. Qxd7+ Rxd7 15. Bxe5 Rxd1+ 16. Rxd1 Rg8 17. Nd4 Bd7 18. Nb3 f6 19. Bg3 f5 20. exf5 Bxf5 21. Rd4 Bg7 22. Rc4 c5 23. Nxc5 bxc5 24. Rxc5+ Kd8 25. Rxf5 Nf6 26. Be5 Ng4 27. Bxg7 Rxg7 28. Rd5+ Rd7 29. Rxd7+ Kxd7 30. Kd2 Nxf2 31. Ke2 Ng4 32. h3 Ne5 33. g3 Kd6 34. Ke3 Ke6 35. Nb5 a5 36. Ke4 Nc4 37. b3 Nd2+ 38. Kd4 Nf3+ 39. Ke3 Ng1 40. h4 gxh4 41. gxh4 Nh3 42. Nd4+ Ke5 43. Nc6+ Kf5 44. Nxa5 Nf4 45. Kf3 Ng6 46. h5 Nh4+ 47. Kg3 Kg5 48. c4 Kxh5 49. c5 Nf5+ 50. Kf4 Kg6 51. b4 h5 52. Kf3 h4 53. Kg2 Kg5 54. Kh3 Nd4 55. c6 Nb5 56. a4 Nc7 57. b5 Ne6 58. b6 Nf4+ 59. Kh2 h3 60. b7 Kg4 61. b8=Q Kf3 62. c7 Kg4 63. c8=Q+ Kf3 64. Qxf4+ Ke2 65. Qe8+ Kd3 66. Qee4+ Kc3 67. Qc4+ Kb2 68. Qe3 Kb1 69. Qcd3+ Kb2 70. Qdd2+ Kb1 71. Qee1# 1-0

[Event "Junior Online 4NCL Division 4"]
[Site "online"]
[Date "2021.02.18"]
[EventDate "2021.02.18"]
[Round "3.88"]
[White "Malus, Sean"]
[WhiteElo "1228"]
[WhiteTeam "Barnet Knights D"]
[Black "Sethia, Aditey"]
[BlackElo "1100"]
[BlackTeam "The Hall 2"]
[Result "0-1"]
[PlyCount "72"]

1. e4 c5 2. d4 cxd4 3. Nf3 Nc6 4. c3 dxc3 5. Nxc3 Nf6 6. Bg5 Qb6 7. Be3 Qxb2 8. Bd4 Nxd4 9. Nxd4 Qxc3+ 10. Ke2 Qb2+ 11. Nc2 b6 12. Rb1 Ba6+ 13. Kf3 Qc3+ 14. Ne3 Bxf1 15. Rxf1 g5 16. Rc1 g4+ 17. Ke2 Qb2+ 18. Rc2 Qb5+ 19. Ke1 e5 20. Re2 Bb4+ 21. Rd2 Bxd2+ 22. Qxd2 Nxe4 23. f3 Nxd2 24. Kxd2 gxf3 25. Rxf3 Qb2+ 26. Nc2 Rc8 27. Rd3 Qxc2+ 28. Ke3 Qc1+ 29. Rd2 Rc2 30. Kd3 Qxd2+ 31. Ke4 Qd4+ 32. Kf5 Rf2+ 33. Kg5 Rg8+ 34. Kh5 Rf5+ 35. Kh6 Qd6+ 36. Kxh7 Qg6# 0-1

[Event "Junior Online 4NCL Division 4"]
[Site "online"]
[Date "2021.02.18"]
[EventDate "2021.02.18"]
[Round "3.91"]
[White "Cancedda-Dupuis, Livio"]
[WhiteElo "1289"]
[WhiteTeam "JHJ Shark Tank 5"]
[Black "Man, Felix"]
[BlackElo "1063"]
[BlackTeam "Muswell Hill Primary"]
[Result "1-0"]
[PlyCount "117"]

1. Nf3 Nc6 2. d4 d5 3. c4 e6 4. cxd5 exd5 5. Nc3 Nf6 6. Bf4 a6 7. e3 Be7 8. Bd3 O-O 9. O-O h6 10. a3 Bd6 11. Ne5 Bxe5 12. Bxe5 Be6 13. Qf3 Nxe5 14. dxe5 Nd7 15. Qg3 Nb6 16. f4 f6 17. f5 Bc8 18. e6 Qd6 19. Qxd6 cxd6 20. e4 dxe4 21. Nxe4 d5 22. Nd6 Rd8 23. e7 Bd7 24. exd8=Q+ Rxd8 25. Nxb7 Rf8 26. Nc5 Bb5 27. Bxb5 axb5 28. Ne6 Re8 29. Rac1 Nc4 30. b3 Ne5 31. Rc7 Nf7 32. Rd1 g6 33. Nd4 gxf5 34. Nxf5 Re5 35. Ne7+ Kg7 36. Nxd5 Rg5 37. Nf4 Kf8 38. Ne6+ Ke8 39. Rxf7 Kxf7 40. Nxg5+ fxg5 41. Rd6 Kf8 42. Rxh6 Ke7 43. Rb6 Kd7 44. Rxb5 g4 45. Rg5 Ke6 46. Rxg4 Kf5 47. Rc4 Ke6 48. a4 Kd7 49. a5 Kd8 50. a6 Kd7 51. a7 Kd8 52. a8=Q+ Kd7 53. Qd5+ Ke7 54. Re4+ Kf8 55. Qf5+ Kg7 56. Rg4+ Kh8 57. Rh4+ Kg7 58. Rh7+ Kg8 59. Qf7# 1-0

[Event "Junior Online 4NCL Division 4"]
[Site "online"]
[Date "2021.02.18"]
[EventDate "2021.02.18"]
[Round "3.92"]
[White "Shetty, Ahan"]
[WhiteElo "1010"]
[WhiteTeam "Muswell Hill Primary"]
[Black "Zhao, George"]
[BlackElo "1363"]
[BlackTeam "JHJ Shark Tank 5"]
[Result "0-1"]
[PlyCount "122"]

1. e4 e6 2. d4 d5 3. exd5 exd5 4. Nf3 Nf6 5. Bd3 Bd6 6. O-O O-O 7. Nc3 Bg4 8. h3 Bh5 9. Bg5 c6 10. Re1 Nbd7 11. Qd2 Qc7 12. Be2 Bb4 13. a3 Ne4 14. Qd3 Bxc3 15. bxc3 Bxf3 16. Qxf3 Nxg5 17. Qh5 h6 18. Bd3 Nf6 19. Qd1 Rfe8 20. Qd2 Nge4 21. Bxe4 Nxe4 22. Qd3 Qf4 23. Rf1 Qd2 24. Qxd2 Nxd2 25. Rfd1 Re2 26. Re1 Rae8 27. Rxe2 Rxe2 28. Ra2 Ne4 29. Rb2 b6 30. f3 Nxc3 31. Kf1 Rf2+ 32. Kxf2 Nd1+ 33. Ke2 Nxb2 34. Kd2 Nc4+ 35. Kc3 Nxa3 36. Kb3 Nb5 37. c3 Kh7 38. g4 g5 39. Kc2 Kg6 40. Kd3 f5 41. c4 Nd6 42. cxd5 cxd5 43. Kc3 fxg4 44. hxg4 h5 45. Kd3 h4 46. Ke2 h3 47. Kf2 b5 48. Kg3 b4 49. Kxh3 b3 50. Kg3 b2 51. f4 b1=Q 52. fxg5 Kxg5 53. Kf3 Qd3+ 54. Kf2 Qxd4+ 55. Ke2 Kxg4 56. Ke1 a5 57. Ke2 a4 58. Ke1 a3 59. Ke2 a2 60. Ke1 a1=Q+ 61. Ke2 Qad1# 0-1

[Event "Junior Online 4NCL Division 4"]
[Site "online"]
[Date "2021.02.18"]
[EventDate "2021.02.18"]
[Round "3.93"]
[White "Chen, George"]
[WhiteElo "1325"]
[WhiteTeam "JHJ Shark Tank 5"]
[Black "Michener, Max"]
[BlackElo "1000"]
[BlackTeam "Muswell Hill Primary"]
[Result "1-0"]
[PlyCount "129"]

1. e4 d5 2. exd5 Nf6 3. d6 cxd6 4. Nc3 e5 5. d4 exd4 6. Qxd4 Nc6 7. Bb5 Bd7 8. Qh4 Be7 9. Bg5 Nd5 10. Nxd5 Bxg5 11. Qe4+ Ne7 12. Bxd7+ Qxd7 13. Nf3 Bh6 14. O-O f5 15. Qe2 Rf8 16. Rfe1 Rf7 17. Nd4 Kf8 18. Nc7 Rc8 19. Nce6+ Kg8 20. c3 Re8 21. Qf3 Nc6 22. Nxc6 bxc6 23. Nd4 Rxe1+ 24. Rxe1 c5 25. Ne6 Re7 26. Qd5 Kh8 27. Qxf5 g6 28. Qd5 Qd8 29. Rd1 Qg8 30. Re1 Qd8 31. c4 Bg7 32. Re3 Qg8 33. Nxg7 Rxg7 34. Qxg8+ Rxg8 35. Re6 Rb8 36. b3 Rd8 37. Kf1 d5 38. cxd5 Rxd5 39. Re8+ Kg7 40. Re7+ Kf6 41. Rxa7 Ke5 42. Rxh7 Kd4 43. Rh6 Kc3 44. Rxg6 Kb2 45. Ra6 Kc2 46. Ke2 Re5+ 47. Kf3 Kd3 48. g4 Re8 49. h4 Rf8+ 50. Kg3 Ke2 51. Re6+ Kf1 52. h5 Rxf2 53. h6 Rg2+ 54. Kh4 Rh2+ 55. Kg5 Rxa2 56. h7 Ra8 57. Rh6 Rh8 58. Kg6 Ke2 59. Kg7 Kd3 60. Kxh8 Kc3 61. Kg7 Kxb3 62. h8=Q c4 63. Qc8 c3 64. Rb6+ Ka2 65. Qa8# 1-0

[Event "Junior Online 4NCL Division 4"]
[Site "online"]
[Date "2021.02.18"]
[EventDate "2021.02.18"]
[Round "3.94"]
[White "Gibbins, Finlay"]
[WhiteElo "997"]
[WhiteTeam "Muswell Hill Primary"]
[Black "Stehlin, Nathan"]
[BlackElo "1337"]
[BlackTeam "JHJ Shark Tank 5"]
[Result "0-1"]
[PlyCount "72"]

1. e4 c5 2. Bc4 e6 3. Nf3 d5 4. exd5 exd5 5. Bb5+ Nc6 6. d3 a6 7. Bg5 f6 8. Qe2+ Be7 9. Bd2 axb5 10. Nc3 b4 11. Nb5 Bg4 12. Bf4 Bxf3 13. Qxf3 Ne5 14. Qh5+ g6 15. Qh3 Qb6 16. c4 bxc3 17. bxc3 Qxb5 18. Qe6 Nxd3+ 19. Kd1 Nxf4 20. Qe3 d4 21. cxd4 Qd3+ 22. Qxd3 Nxd3 23. Kd2 Nxf2 24. Rhe1 cxd4 25. Re2 Ng4 26. Rae1 Kd7 27. Rxe7+ Nxe7 28. Rxe7+ Kxe7 29. h3 Ne5 30. Kc2 Rxa2+ 31. Kb3 Rxg2 32. Kb4 Rh2 33. Kc5 Rxh3 34. Kxd4 Rc8 35. Kd5 Kf7 36. Kd6 Rd3# 0-1

[Event "Junior Online 4NCL Division 4"]
[Site "online"]
[Date "2021.02.18"]
[EventDate "2021.02.18"]
[Round "3.95"]
[White "Man, Felix"]
[WhiteElo "1063"]
[WhiteTeam "Muswell Hill Primary"]
[Black "Cancedda-Dupuis, Livio"]
[BlackElo "1289"]
[BlackTeam "JHJ Shark Tank 5"]
[Result "0-1"]
[PlyCount "114"]

1. e4 c6 2. Nf3 d5 3. exd5 cxd5 4. g3 Nc6 5. Bg2 e5 6. d3 Nf6 7. O-O Bd6 8. Re1 O-O 9. Nc3 Bg4 10. Qd2 Qd7 11. Rf1 Rfe8 12. Qe1 e4 13. dxe4 Nxe4 14. Nxe4 dxe4 15. Nd2 e3 16. fxe3 Bc5 17. Nb3 Bb6 18. Bxc6 Qxc6 19. Qf2 Re7 20. Nd4 Bxd4 21. exd4 Rae8 22. Bf4 Bh3 23. Bd2 Bxf1 24. Qxf1 Qxc2 25. Qc1 Qxc1+ 26. Rxc1 f6 27. Bc3 Rc8 28. Kg2 Rec7 29. Kh3 Kf7 30. Kg4 b5 31. a3 a5 32. Kf3 b4 33. axb4 axb4 34. Ke3 bxc3 35. bxc3 Rxc3+ 36. Rxc3 Rxc3+ 37. Ke4 Rc2 38. h4 Rh2 39. Kf3 Ke6 40. Kg4 Kd5 41. Kf5 Kxd4 42. Ke6 Rg2 43. Kf7 Rxg3 44. Kg8 g5 45. Kxh7 gxh4 46. Kh6 h3 47. Kh5 h2 48. Kh4 h1=Q+ 49. Kxg3 Qe4 50. Kf2 f5 51. Kf1 f4 52. Kf2 Qe3+ 53. Kg2 f3+ 54. Kg3 f2+ 55. Kh4 f1=Q 56. Kh5 Qeh3+ 57. Kg5 Qff5# 0-1

[Event "Junior Online 4NCL Division 4"]
[Site "online"]
[Date "2021.02.18"]
[EventDate "2021.02.18"]
[Round "3.96"]
[White "Zhao, George"]
[WhiteElo "1363"]
[WhiteTeam "JHJ Shark Tank 5"]
[Black "Shetty, Ahan"]
[BlackElo "1010"]
[BlackTeam "Muswell Hill Primary"]
[Result "1-0"]
[PlyCount "89"]

1. b3 d5 2. Bb2 Nc6 3. Nf3 Nf6 4. e3 Bd7 5. Bb5 e6 6. O-O a6 7. Bxc6 Bxc6 8. Ne5 Bb5 9. c4 dxc4 10. bxc4 Bd7 11. Nxd7 Qxd7 12. d4 Rd8 13. Qf3 c6 14. Nc3 Be7 15. Ne4 Nxe4 16. Qxe4 O-O 17. Qg4 f6 18. Rad1 Rde8 19. d5 cxd5 20. cxd5 Bc5 21. Qc4 Ba7 22. Ba3 Rf7 23. dxe6 Qc7 24. exf7+ Qxf7 25. Qxf7+ Kxf7 26. Rd7+ Kg6 27. Rxb7 Ra8 28. Rc1 Bb8 29. Rcb1 Be5 30. f4 Bc3 31. Bb4 Bxb4 32. R1xb4 Re8 33. Kf2 h5 34. h4 Kh6 35. R4b6 Rg8 36. Rxa6 Kh7 37. Raa7 Kh6 38. Rb6 Kh7 39. e4 Kg6 40. f5+ Kh7 41. Rxf6 Kh8 42. Rg6 Kh7 43. Rg5 Kh6 44. Ra6+ Kh7 45. Rxh5# 1-0

[Event "Junior Online 4NCL Division 4"]
[Site "online"]
[Date "2021.02.18"]
[EventDate "2021.02.18"]
[Round "3.97"]
[White "Michener, Max"]
[WhiteElo "1000"]
[WhiteTeam "Muswell Hill Primary"]
[Black "Chen, George"]
[BlackElo "1325"]
[BlackTeam "JHJ Shark Tank 5"]
[Result "0-1"]
[PlyCount "84"]

1. e4 e6 2. d4 d5 3. e5 c5 4. c3 Nc6 5. Nf3 Qb6 6. Bd3 Bd7 7. Be3 Qxb2 8. Bc1 Qb6 9. O-O cxd4 10. Nxd4 Nxd4 11. cxd4 Qxd4 12. Bb5 Qxd1 13. Bxd7+ Kxd7 14. Rxd1 Bc5 15. Bb2 Ne7 16. Ba3 b6 17. Bxc5 bxc5 18. Na3 Rab8 19. Rac1 Rhc8 20. Nc4 Nf5 21. g4 Nd4 22. Nd6 Ne2+ 23. Kf1 Nxc1 24. Nxc8 Rxc8 25. Rxc1 f6 26. exf6 gxf6 27. Ke2 c4 28. Rb1 Rc7 29. f4 c3 30. Rc1 d4 31. Kd3 e5 32. fxe5 fxe5 33. Ke4 c2 34. Kxe5 d3 35. Ke4 d2 36. Rxc2 Rxc2 37. Kd3 d1=Q+ 38. Ke3 Re2+ 39. Kf3 Qf1+ 40. Kg3 Rg2+ 41. Kh3 Qf3+ 42. Kh4 Qxg4# 0-1

[Event "Junior Online 4NCL Division 4"]
[Site "online"]
[Date "2021.02.18"]
[EventDate "2021.02.18"]
[Round "3.98"]
[White "Stehlin, Nathan"]
[WhiteElo "1337"]
[WhiteTeam "JHJ Shark Tank 5"]
[Black "Gibbins, Finlay"]
[BlackElo "997"]
[BlackTeam "Muswell Hill Primary"]
[Result "1-0"]
[PlyCount "103"]

1. c4 c5 2. e3 e6 3. d4 cxd4 4. exd4 d5 5. Nf3 dxc4 6. Bxc4 e5 7. dxe5 Qxd1+ 8. Kxd1 Bg4 9. Be2 Bd7 10. Bd2 Ba4+ 11. b3 Bc6 12. Nc3 Bb4 13. Kc2 Ba3 14. Bc1 Bxc1 15. Raxc1 Nf6 16. exf6 gxf6 17. Rhe1 Nd7 18. Bb5+ Be4+ 19. Nxe4 O-O-O 20. Bxd7+ Rxd7 21. Kb2+ Rc7 22. Rxc7+ Kxc7 23. Rc1+ Kd7 24. Nc5+ Kc6 25. Ne4+ Kd5 26. Nxf6+ Ke6 27. Ne4 Kf5 28. Nd6+ Kf4 29. Nxf7 Rf8 30. Nd6 Rf6 31. Nxb7 a6 32. Nc5 Kg4 33. Nxa6 Rxa6 34. Rc4+ Kf5 35. h3 Kg6 36. a4 Rd6 37. Kc2 Re6 38. Kd2 Rf6 39. b4 Ra6 40. a5 Re6 41. b5 Rd6+ 42. Rd4 Rxd4+ 43. Nxd4 Kf6 44. a6 Ke7 45. a7 Kd7 46. a8=Q Ke7 47. Qc6 Kd8 48. b6 Ke7 49. b7 Kd8 50. b8=Q+ Ke7 51. Qbb7+ Kd8 52. Qcc8# 1-0

[Event "Junior Online 4NCL Division 4"]
[Site "online"]
[Date "2021.02.18"]
[EventDate "2021.02.18"]
[Round "3.101"]
[White "Seet, Joshua"]
[WhiteElo "1383"]
[WhiteTeam "Woking Warriors"]
[Black "Rao, Shree"]
[BlackElo "1392"]
[BlackTeam "Maidenhead Juniors 2"]
[Result "0-1"]
[PlyCount "92"]

1. d4 Nf6 2. c4 e6 3. Nc3 Bb4 4. Bf4 b6 5. Nf3 Bb7 6. e3 d6 7. a3 Bxc3+ 8. bxc3 O-O 9. Bd3 Nbd7 10. O-O Re8 11. Re1 e5 12. dxe5 dxe5 13. Bg5 e4 14. Bxe4 Bxe4 15. Nd4 h6 16. Bf4 c5 17. Nb5 Ne5 18. Qxd8 Raxd8 19. Nxa7 Nxc4 20. Nb5 Ne5 21. Red1 Rxd1+ 22. Rxd1 Nd5 23. c4 Nxf4 24. exf4 Nxc4 25. f3 Bc6 26. Nc7 Rc8 27. Nd5 Bxd5 28. Rxd5 Nxa3 29. Rd3 Nb5 30. Rb3 Nd4 31. Rxb6 c4 32. Rb1 c3 33. Kf2 c2 34. Rc1 Nb3 35. Rxc2 Rxc2+ 36. Kg3 Kh7 37. h3 Nd4 38. Kh2 Kg6 39. Kg3 f5 40. h4 Kf6 41. Kh3 Ne2 42. h5 Nxf4+ 43. Kg3 Nxg2 44. Kh2 Nf4+ 45. Kg3 Nxh5+ 46. Kh4 Rh2# 0-1

[Event "Junior Online 4NCL Division 4"]
[Site "online"]
[Date "2021.02.18"]
[EventDate "2021.02.18"]
[Round "3.102"]
[White "Nallaperumal, Kasi Veshagan"]
[WhiteElo "1390"]
[WhiteTeam "Maidenhead Juniors 2"]
[Black "Phillips, Freddie"]
[BlackElo "1315"]
[BlackTeam "Woking Warriors"]
[Result "1-0"]
[PlyCount "95"]

1. d4 d5 2. Bf4 Nc6 3. e3 Nf6 4. Nc3 Bf5 5. Nb5 e6 6. Nxc7+ Ke7 7. Nxa8 Qxa8 8. Nf3 Ke8 9. Bb5 a6 10. Ba4 b5 11. Bb3 a5 12. a4 bxa4 13. Bxa4 Bb4+ 14. c3 Bf8 15. O-O Ng4 16. h3 Nf6 17. Ne5 Nd7 18. Bxc6 Qa7 19. Bxd7+ Kd8 20. Nxf7+ Kxd7 21. Nxh8 Ke7 22. Bg5+ Ke8 23. Qa4+ Qd7 24. Qxd7+ Kxd7 25. Nf7 Ke8 26. Ne5 h6 27. Bf4 Bd3 28. Nxd3 g5 29. Be5 Kf7 30. Rxa5 Kg6 31. Ra6 Kf5 32. Bh2 Ke4 33. Nc5+ Kf5 34. Nxe6 Be7 35. Nc7 Ke4 36. f3+ Kxe3 37. Nxd5+ Kd2 38. Nxe7 Kc2 39. Rf2+ Kb3 40. Rxh6 g4 41. hxg4 Kc4 42. d5 Kc5 43. d6 Kb6 44. d7+ Kc5 45. d8=Q Kc4 46. Rc6+ Kb5 47. Qb6+ Ka4 48. Rc4# 1-0

[Event "Junior Online 4NCL Division 4"]
[Site "online"]
[Date "2021.02.18"]
[EventDate "2021.02.18"]
[Round "3.103"]
[White "Seet, Leanne"]
[WhiteElo "1220"]
[WhiteTeam "Woking Warriors"]
[Black "Chen, William"]
[BlackElo "1375"]
[BlackTeam "Maidenhead Juniors 2"]
[Result "0-1"]
[PlyCount "46"]

1. d4 d5 2. c4 e6 3. Nc3 Nf6 4. Bf4 Bd7 5. Qb3 dxc4 6. Qc2 Bb4 7. O-O-O Bxc3 8. bxc3 Nd5 9. Be5 f6 10. Bg3 b5 11. a3 Qe7 12. e4 Qxa3+ 13. Kd2 Nb6 14. Bxc7 b4 15. cxb4 Qxb4+ 16. Kc1 Ba4 17. Qe2 Qc3+ 18. Kb1 Qb3+ 19. Ka1 c3 20. Rd3 Bb5 21. Bxb8 Bxd3 22. Qa2 Qd1+ 23. Qb1 Qxb1# 0-1

[Event "Junior Online 4NCL Division 4"]
[Site "online"]
[Date "2021.02.18"]
[EventDate "2021.02.18"]
[Round "3.104"]
[White "Nayak, Siddharth"]
[WhiteElo "1338"]
[WhiteTeam "Maidenhead Juniors 2"]
[Black "Wicks, Alexander"]
[BlackElo "1105"]
[BlackTeam "Woking Warriors"]
[Result "0-1"]
[PlyCount "70"]

1. e3 e6 2. b3 d5 3. Bb2 Nf6 4. Nf3 Nc6 5. g3 Bd6 6. Nc3 O-O 7. Bg2 a6 8. d4 Nb4 9. a3 Nc6 10. Ne2 b5 11. Ne5 Bb7 12. b4 Nd7 13. Nf3 Ne7 14. Bc3 Nf5 15. Qd3 Qf6 16. Ne5 Nxe5 17. dxe5 Bxe5 18. Bxe5 Qxe5 19. Rc1 Rab8 20. Nc3 d4 21. Bxb7 Rxb7 22. Ne2 dxe3 23. fxe3 Qxe3 24. Qxe3 Nxe3 25. Nd4 Rb6 26. Ke2 Nc4 27. Ra1 Rd8 28. Nf3 Rbd6 29. h4 Nd2 30. Nxd2 Rxd2+ 31. Kf3 Rxc2 32. Ke3 Rc3+ 33. Kf4 Rd4+ 34. Kg5 Rxg3+ 35. Kh5 Rd5# 0-1

[Event "Junior Online 4NCL Division 4"]
[Site "online"]
[Date "2021.02.18"]
[EventDate "2021.02.18"]
[Round "3.105"]
[White "Rao, Shree"]
[WhiteElo "1392"]
[WhiteTeam "Maidenhead Juniors 2"]
[Black "Seet, Joshua"]
[BlackElo "1383"]
[BlackTeam "Woking Warriors"]
[Result "0-1"]
[PlyCount "116"]

1. d4 c6 2. Bf4 d5 3. e3 Nf6 4. Nd2 Bf5 5. Ngf3 e6 6. Be2 Qb6 7. b3 Bb4 8. O-O O-O 9. a3 Be7 10. Nh4 Bg6 11. Bg3 Nbd7 12. f4 Ne4 13. Nxe4 Bxe4 14. Bf3 Bg6 15. Be2 Qd8 16. Nxg6 hxg6 17. Bd3 c5 18. c3 Qb6 19. b4 c4 20. Bc2 a5 21. Qg4 axb4 22. cxb4 Nf6 23. Qh3 Ra6 24. Bh4 Rfa8 25. Bxf6 Bxf6 26. Rf3 Rxa3 27. Rxa3 Rxa3 28. g4 Qxb4 29. g5 Ra1+ 30. Kg2 Be7 31. Bxg6 Ra2+ 32. Rf2 Rxf2+ 33. Kxf2 Qd2+ 34. Kf3 fxg6 35. Qxe6+ Kf8 36. Qc8+ Kf7 37. Qxb7 Qd1+ 38. Kf2 Qd2+ 39. Kf3 Qa5 40. h4 c3 41. Qc8 Qb4 42. h5 gxh5 43. Qf5+ Ke8 44. Qc8+ Bd8 45. Qe6+ Qe7 46. Qc6+ Qd7 47. Qg6+ Qf7 48. Qc6+ Qd7 49. Qg6+ Kf8 50. Qxh5 c2 51. Qh8+ Kf7 52. Qh5+ Ke6 53. Qg6+ Ke7 54. Qxg7+ Kd6 55. Qe5+ Kc6 56. g6 c1=Q 57. g7 Qf1+ 58. Kg3 Qdh3# 0-1